000 00519nam a2200145 a 4500
001 000042931
005 20201002040516.0
008 140213s197u dr 000 0 spa d
040 _aDO-SdBNP
_bspa
_cBNPHU
100 1 _aJourdain Heredia, Luis Emilio
_955991
245 1 0 _aFacetas del desarrollo de la industria nacional. /
_cLuis Emilio Jourdain Heredia; prólogo, Quirilio Vilorio Sánchez.
260 _aSanto Domingo :
_b[s.d.],
_c197?
300 _a83 p ;
_c21 cm.
700 1 _aVilorio Sánchez, Quirilio
_eprol.
_970410
999 _c42420
_d42420